[Event "EU-chT Seniors 07th"]
[Site "Dresden"]
[Date "2005.02.23"]
[Round "6"]
[White "Hentzschel, Erhard"]
[Black "Pemberton, Clive H"]
[Result "1-0"]
[WhiteElo "1995"]
[BlackElo "2025"]
[EventDate "2005.02.18"]
[PlyCount "65"]

1.e4 c5 2.f4 Nc6 3.Nf3 Nf6 4.Nc3 d6 5.Bb5 a6 6.Bxc6+ bxc6 7.O-O e6 8.d3 d5
9.e5 Nd7 10.Qe1 d4 11.Ne4 Nb6 12.Qg3 Kd7 13.Nfg5 Qe8 14.f5 Kc7 15.fxe6 
Bxe6 16.Nxe6+ fxe6 17.Ng5 Nd5 18.Qh3 Kb6 19.Bd2 h6 20.Nxe6 Qd7 21.Rae1 Re8
22.Ng5 Qxh3 23.Nxh3 Nb4 24.Bxb4 cxb4 25.Nf4 g5 26.Nh5 Rh7 27.Nf6 Rhe7 28.
Nxe8 Rxe8 29.Rf7 Bd6 30.g3 Rxe5 31.Rxe5 Bxe5 32.Rh7 Kc5 33.Rxh6 1-0

[Event "EU-chT Seniors 07th"]
[Site "Dresden"]
[Date "2005.02.23"]
[Round "6"]
[White "Hesse, Manfred"]
[Black "Morgner, Siegfried"]
[Result "1/2-1/2"]
[WhiteElo "1892"]
[BlackElo "1964"]
[EventDate "2005.02.18"]
[PlyCount "25"]

1.c4 g6 2.Nc3 Bg7 3.d4 d6 4.e4 Nc6 5.Be3 Nf6 6.Be2 a6 7.f4 O-O 8.h3 e5 9.
d5 exf4 10.Bxf4 Ne5 11.Nf3 Nh5 12.Bxe5 dxe5 13.O-O 1/2-1/2

[Event "EU-chT Seniors 07th"]
[Site "Dresden"]
[Date "2005.02.23"]
[Round "6"]
[White "Johannessen, Svein"]
[Black "Gruzmann, Boris"]
[Result "1/2-1/2"]
[WhiteElo "2291"]
[BlackElo "2271"]
[EventDate "2005.02.18"]
[PlyCount "72"]

1.g3 e5 2.c4 Nc6 3.Bg2 g6 4.Nc3 Bg7 5.e3 d6 6.Nge2 Be6 7.d3 Qd7 8.h3 h5 9.
Ne4 f6 10.Bd2 Nh6 11.Rc1 Nf7 12.d4 Bf5 13.d5 Ncd8 14.Nxf6+ Bxf6 15.e4 h4 
16.exf5 gxf5 17.O-O Ng5 18.Bxg5 Bxg5 19.Rc3 Bf6 20.Rb3 b6 21.Kh2 Nf7 22.g4
fxg4 23.hxg4 Qxg4 24.Bh3 Qh5 25.Rg1 Nh6 26.Re3 Kf8 27.Qd3 Rg8 28.Rxg8+ 
Kxg8 29.Nc3 Ng4+ 30.Bxg4 Qxg4 31.Re4 Qf5 32.Qe2 Kh7 33.Rg4 Rg8 34.Ne4 Be7 
35.Rxg8 Kxg8 36.f3 Qf4+ 1/2-1/2

[Event "EU-chT Seniors 07th"]
[Site "Dresden"]
[Date "2005.02.23"]
[Round "6"]
[White "Just, Joachim"]
[Black "Kalmutzki, Manfred"]
[Result "1-0"]
[WhiteElo "2159"]
[BlackElo "1729"]
[EventDate "2005.02.18"]
[PlyCount "63"]

1.d4 d5 2.Nc3 e6 3.e4 dxe4 4.Nxe4 Nd7 5.Nf3 Ngf6 6.Bg5 Be7 7.Ng3 O-O 8.Bd3
c5 9.c3 cxd4 10.Nxd4 Ne5 11.Be2 Qb6 12.Qb3 Qxb3 13.axb3 a6 14.O-O Bd7 15.
Rfe1 Nc6 16.Nf3 Rfd8 17.b4 Na7 18.Ne5 Be8 19.Bf3 Nc6 20.Nc4 h6 21.Bf4 Nd7 
22.h3 g5 23.Bd6 Bxd6 24.Nxd6 Nde5 25.Nxb7 Nxf3+ 26.gxf3 Rd2 27.Ne4 Rxb2 
28.Nbd6 Kf8 29.Nf6 Bd7 30.Nxd7+ Ke7 31.Nb6 Rb8 32.Ndc4 1-0

[Event "EU-chT Seniors 07th"]
[Site "Dresden"]
[Date "2005.02.23"]
[Round "6"]
[White "Karl, Hans"]
[Black "Klundt, Klaus"]
[Result "1/2-1/2"]
[WhiteElo "2284"]
[BlackElo "2385"]
[EventDate "2005.02.18"]
[PlyCount "25"]

1.d4 Nf6 2.c4 e6 3.Nf3 d5 4.Nc3 Be7 5.Bg5 h6 6.Bh4 O-O 7.e3 b6 8.cxd5 Nxd5
9.Bxe7 Qxe7 10.Bd3 Nxc3 11.bxc3 Bb7 12.O-O c5 13.Qe2 1/2-1/2

[Event "EU-chT Seniors 07th"]
[Site "Dresden"]
[Date "2005.02.23"]
[Round "6"]
[White "Kelchner, Hans"]
[Black "Titz, Heimo"]
[Result "0-1"]
[WhiteElo "2149"]
[BlackElo "2176"]
[EventDate "2005.02.18"]
[PlyCount "182"]

1.d4 Nf6 2.c4 e6 3.a3 b6 4.Nf3 Bb7 5.Nc3 Be7 6.Qc2 c5 7.e4 cxd4 8.Nxd4 d6 
9.f3 Nbd7 10.Be3 O-O 11.Be2 a6 12.O-O Qc7 13.Rac1 Rac8 14.Qb1 Qb8 15.Qa2 
Rfe8 16.a4 a5 17.Rfd1 Nc5 18.Bf2 Nfd7 19.Bg3 Ne5 20.Ndb5 Red8 21.b3 Nc6 
22.Qb1 Nb4 23.f4 g6 24.Re1 Qa8 25.Bf1 Qb8 26.f5 e5 27.Rcd1 Bc6 28.Be2 Qb7 
29.f6 Bf8 30.Bg4 Rb8 31.Bf3 Nba6 32.Re2 Nc7 33.Red2 Nxb5 34.axb5 Bd7 35.
Nd5 Be6 36.Qc2 Bxd5 37.Rxd5 Ne6 38.Bg4 Re8 39.Bxe6 Rxe6 40.Qf2 Rc8 41.Ra1 
Ree8 42.Qe3 Qb8 43.Bf2 Rc5 44.h4 Re6 45.Qf3 Rc7 46.Be3 Rb7 47.g4 Re8 48.h5
Re6 49.g5 Qc7 50.Kg2 Re8 51.Rdd1 Ra8 52.Ra4 Rab8 53.Rf1 Qd7 54.Raa1 Qe8 
55.Qh3 Rc7 56.Rh1 Rbb7 57.Kf2 Qc8 58.Ke2 Rd7 59.Rhf1 Rdc7 60.Qf3 Qe6 61.
Qf2 Qg4+ 62.Kd3 d5 63.exd5 Bc5 64.Bxc5 Rxc5 65.hxg6 hxg6 66.Rh1 Qxg5 67.
Raf1 Rd7 68.Qe3 Rdxd5+ 69.cxd5 Rc3+ 70.Kxc3 Qxe3+ 71.Kb2 Qd2+ 72.Ka3 Qxd5 
73.Rd1 Qc5+ 74.Ka2 Qf2+ 75.Ka3 Qxf6 76.Rhf1 Qe7+ 77.Ka2 Qb4 78.Rd8+ Kg7 
79.Rd7 a4 80.Rfxf7+ Kh6 81.bxa4 Qxa4+ 82.Kb2 Qxb5+ 83.Kc3 Qc5+ 84.Kd3 b5 
85.Rc7 Qd5+ 86.Ke3 b4 87.Rfd7 Qg2 88.Rd6 b3 89.Rd2 Qg5+ 90.Ke4 Qf4+ 91.Kd3
e4+ 0-1

[Event "EU-chT Seniors 07th"]
[Site "Dresden"]
[Date "2005.02.23"]
[Round "6"]
[White "Kristiansen, Erling"]
[Black "Rovenski, Evjenij"]
[Result "1-0"]
[WhiteElo "2267"]
[BlackElo "2275"]
[EventDate "2005.02.18"]
[PlyCount "80"]

1.e4 e5 2.Nf3 Nf6 3.Nc3 Bb4 4.Bc4 O-O 5.d3 d5 6.exd5 Nxd5 7.Bd2 Nxc3 8.
bxc3 Bd6 9.h3 Nd7 10.O-O Nb6 11.Bb3 Qf6 12.Re1 Bf5 13.Ng5 h6 14.Ne4 Bxe4 
15.Rxe4 Nd7 16.Qh5 Kh7 17.Rg4 c6 18.Rf1 Nc5 19.f4 e4 20.f5 Nxb3 21.axb3 
exd3 22.cxd3 Rae8 23.d4 Bb8 24.Bg5 Qd6 25.f6 Qh2+ 26.Kf2 Re6 27.fxg7 Rg8 
28.Qxf7 Qd6 29.Qf5+ Rg6 30.Be7 Qe6 31.Qxg6+ Qxg6 32.Rxg6 Kxg6 33.Bf8 Bf4 
34.h4 h5 35.Re1 Bd2 36.Re6+ Kf5 37.Re5+ Kg6 38.c4 a5 39.d5 cxd5 40.cxd5 
Bb4 1-0

[Event "EU-chT Seniors 07th"]
[Site "Dresden"]
[Date "2005.02.23"]
[Round "6"]
[White "Lenk, Wolfgang"]
[Black "Braun, Gottfried"]
[Result "1/2-1/2"]
[WhiteElo "2193"]
[BlackElo "2331"]
[EventDate "2005.02.18"]
[PlyCount "92"]

1.e4 d6 2.d4 Nf6 3.Bd3 Nc6 4.Nf3 e5 5.c3 g6 6.h3 Bg7 7.O-O O-O 8.Re1 Re8 
9.d5 Ne7 10.c4 Nd7 11.Qc2 Nc5 12.Nc3 f5 13.Bg5 Nxd3 14.Qxd3 f4 15.Nh2 h6 
16.Bxe7 Qxe7 17.b4 Bd7 18.Rec1 g5 19.Qf3 Rec8 20.a4 a5 21.bxa5 Rxa5 22.
Rcb1 b6 23.Nb5 Qd8 24.Ra3 Rca8 25.Rba1 Kh7 26.Nf1 Kg6 27.g4 Qc8 28.Nd2 Bf8
29.Qe2 Be7 30.f3 h5 31.Nb3 R5a6 32.R3a2 Qb7 33.Kg2 Rh8 34.a5 Rha8 35.axb6 
cxb6 36.Rxa6 Rxa6 37.Rxa6 Qxa6 38.Nc1 Qa1 39.Na2 hxg4 40.hxg4 Bxb5 41.cxb5
Qd4 42.Nc1 Kf7 43.Nd3 Qc3 44.Qd1 Ke8 45.Qb1 Qd2+ 46.Nf2 Bd8 1/2-1/2

[Event "EU-chT Seniors 07th"]
[Site "Dresden"]
[Date "2005.02.23"]
[Round "6"]
[White "Lieb, Harald"]
[Black "Krylov, Stanislav"]
[Result "1/2-1/2"]
[WhiteElo "2276"]
[BlackElo "2234"]
[EventDate "2005.02.18"]
[PlyCount "115"]

1.d4 Nf6 2.c4 g6 3.Nc3 Bg7 4.e4 d6 5.f3 Nc6 6.Be3 a6 7.Nge2 Rb8 8.Nc1 e5 
9.d5 Nd4 10.Nb3 Nxb3 11.axb3 c5 12.Qd2 O-O 13.Bd3 Ne8 14.O-O f5 15.exf5 
gxf5 16.f4 b6 17.Rae1 Rb7 18.Qc2 e4 19.Be2 Bd4 20.Qd2 Qf6 21.Rd1 Bxe3+ 22.
Qxe3 Rg7 23.Kh1 Qg6 24.Rg1 Nf6 25.Rde1 Bd7 26.Ra1 a5 27.Rae1 Re8 28.Qh3 h5
29.Qh4 Kf7 30.Nd1 Reg8 31.Nf2 Ng4 32.Nh3 Qh6 33.Bxg4 Rxg4 34.Qf2 Qf6 35.
Ng5+ R8xg5 36.fxg5 Qd4 37.Rgf1 Kg6 38.Re3 Rxg5 39.Qf4 Qe5 40.Qh4 Qxb2 41.
Rg3 Qf6 42.Qf4 Rxg3 43.Qxg3+ Kh7 44.h3 h4 45.Qe3 Qh6 46.Rf4 Kg6 47.g4 hxg3
48.Qxg3+ Qg5 49.Qh2 Kf7 50.Rf2 Ke7 51.h4 Qh6 52.h5 e3 53.Rf1 Be8 54.Qh4+ 
Kd7 55.Re1 f4 56.Rf1 Qxh5 57.Qxh5 Bxh5 58.Kh2 1/2-1/2

[Event "EU-chT Seniors 07th"]
[Site "Dresden"]
[Date "2005.02.23"]
[Round "6"]
[White "Luetje, Juergen"]
[Black "Khmiadashvili, Tamari"]
[Result "0-1"]
[WhiteElo "2164"]
[BlackElo "2257"]
[EventDate "2005.02.18"]
[PlyCount "84"]

1.e4 c6 2.c4 d5 3.cxd5 cxd5 4.exd5 Nf6 5.Nc3 g6 6.Bb5+ Nbd7 7.d4 Bg7 8.Nf3
O-O 9.d6 exd6 10.O-O a6 11.Be2 b5 12.Bf4 Nb6 13.a3 Bb7 14.Rc1 Qd7 15.h3 
Rfe8 16.Re1 Nfd5 17.Nxd5 Bxd5 18.Bd2 a5 19.b4 a4 20.Rc3 Bb3 21.Qa1 Bc4 22.
Bxc4 Nxc4 23.Be3 h6 24.Qc1 Kh7 25.Qd1 Re7 26.Qd3 d5 27.Rcc1 Rae8 28.Kf1 
Kg8 29.Bd2 Re4 30.Be3 Qe7 31.Bd2 f5 32.Qc3 g5 33.Rxe4 dxe4 34.Ne1 Qd6 35.
Nc2 f4 36.Rd1 Qd5 37.Bc1 Rc8 38.Ke1 Nd6 39.Qb2 Qc4 40.Rd2 Nf5 41.Re2 Nxd4 
42.Nxd4 Bxd4 0-1

[Event "EU-chT Seniors 07th"]
[Site "Dresden"]
[Date "2005.02.23"]
[Round "6"]
[White "Malich, Burkhard"]
[Black "Bhend, Edwin"]
[Result "1-0"]
[WhiteElo "2367"]
[BlackElo "2240"]
[EventDate "2005.02.18"]
[PlyCount "75"]

1.d4 d5 2.Nf3 Nc6 3.Bf4 Bg4 4.e3 e6 5.Bb5 Bd6 6.Nbd2 Bxf4 7.exf4 Ne7 8.c3 
Qd6 9.g3 O-O 10.O-O f6 11.Re1 Ng6 12.Qa4 Nce7 13.Bf1 Nf5 14.h3 Bxf3 15.
Nxf3 Rf7 16.Bd3 Nfe7 17.Re2 Nf8 18.Qb3 b6 19.c4 c6 20.Rae1 Rb8 21.Qc2 c5 
22.Rd1 Nc6 23.dxc5 Qxc5 24.cxd5 exd5 25.Qb3 Rd8 26.Rc2 Qd6 27.Bb5 Ne7 28.
Qa4 a5 29.Be8 Ne6 30.Bxf7+ Kxf7 31.Nd4 Nc5 32.Qb5 Rd7 33.Qe2 g6 34.h4 Nc8 
35.h5 Ne7 36.Kg2 Nc6 37.hxg6+ hxg6 38.f5 1-0

[Event "EU-chT Seniors 07th"]
[Site "Dresden"]
[Date "2005.02.23"]
[Round "6"]
[White "Mueckan, Friedbert"]
[Black "Reuben, Stewart"]
[Result "0-1"]
[WhiteElo "2051"]
[BlackElo "2147"]
[EventDate "2005.02.18"]
[PlyCount "50"]

1.e4 c5 2.Nf3 Nc6 3.d4 cxd4 4.Nxd4 g6 5.Bc4 Bg7 6.Be3 Qb6 7.Nb5 Qa5+ 8.c3 
Nf6 9.f3 O-O 10.O-O a6 11.Nd4 d5 12.Nb3 Qc7 13.exd5 Ne5 14.Be2 Rd8 15.N1d2
Nxd5 16.Bf2 Nf4 17.Nd4 Ned3 18.Bxd3 Nxd3 19.Bg3 e5 20.Qb3 Qc5 21.Ne4 Qa7 
22.Ng5 b5 23.Rad1 h6 24.Bf2 exd4 25.Rxd3 hxg5 0-1

[Event "EU-chT Seniors 07th"]
[Site "Dresden"]
[Date "2005.02.23"]
[Round "6"]
[White "Mueller, Siegmar"]
[Black "Guenther, Egbert"]
[Result "1/2-1/2"]
[WhiteElo "2089"]
[BlackElo "1839"]
[EventDate "2005.02.18"]
[PlyCount "49"]

1.Nc3 d5 2.e4 dxe4 3.Nxe4 e6 4.d4 Nd7 5.Nf3 Ngf6 6.Bd3 Be7 7.O-O O-O 8.c3 
h6 9.h3 b6 10.Bf4 Bb7 11.Qe2 c5 12.Rad1 cxd4 13.Nxf6+ Nxf6 14.Bb1 Qc8 15.
Nxd4 Ba6 16.Bd3 Bxd3 17.Rxd3 Bc5 18.Rg3 Kh7 19.Be5 Rg8 20.Qf3 Nd7 21.Qd3+ 
g6 22.Nf3 f6 23.Bd6 Qc6 24.Rd1 Rg7 25.Bxc5 1/2-1/2

[Event "EU-chT Seniors 07th"]
[Site "Dresden"]
[Date "2005.02.23"]
[Round "6"]
[White "Mueller Using, Detlev"]
[Black "Wilson, Peter JB"]
[Result "1-0"]
[WhiteElo "2062"]
[BlackElo "2123"]
[EventDate "2005.02.18"]
[PlyCount "49"]

1.e4 c5 2.Nf3 e6 3.d4 cxd4 4.Nxd4 a6 5.Nc3 Qc7 6.Be2 Nc6 7.Be3 Bb4 8.f4 
Nf6 9.Bf3 d5 10.e5 Ne4 11.Bxe4 dxe4 12.Qg4 O-O 13.Ne2 Ne7 14.O-O-O b5 15.
Nxe4 Bb7 16.N2c3 Rac8 17.Rd7 Qc6 18.Rhd1 Nf5 19.R7d3 Nxe3 20.Rxe3 Bxc3 21.
bxc3 Kh8 22.Rg3 Rg8 23.Ng5 h6 24.Nxf7+ Kh7 25.Qg6# 1-0

[Event "EU-chT Seniors 07th"]
[Site "Dresden"]
[Date "2005.02.23"]
[Round "6"]
[White "Opl, Klaus"]
[Black "Rodriguez Vargas, Orestes"]
[Result "0-1"]
[WhiteElo "2324"]
[BlackElo "2439"]
[EventDate "2005.02.18"]
[PlyCount "66"]

1.e4 c5 2.Nc3 e6 3.f4 d5 4.exd5 exd5 5.Bb5+ Nc6 6.Nf3 Nf6 7.O-O Be7 8.
Bxc6+ bxc6 9.b3 O-O 10.Ne5 Qc7 11.Ba3 Bd6 12.Qf3 Re8 13.Rae1 Ba6 14.d3 Bb5
15.Qf2 d4 16.Ne4 Nxe4 17.Rxe4 f6 18.Nc4 Bxc4 19.bxc4 Kf8 20.Qh4 h6 21.Qh5 
Qf7 22.Qf3 f5 23.Rxd4 cxd4 24.Bxd6+ Kg8 25.Qxc6 Rac8 26.Qf3 Re3 27.Qf2 Qh5
28.Re1 Rce8 29.Be5 g5 30.g3 gxf4 31.gxf4 Re6 32.Rxe3 dxe3 33.Qxe3 Rg6+ 0-1

[Event "EU-chT Seniors 07th"]
[Site "Dresden"]
[Date "2005.02.23"]
[Round "6"]
[White "Petermann, Harald"]
[Black "Wicklund Hansen, Richard"]
[Result "1-0"]
[WhiteElo "1998"]
[BlackElo "2015"]
[EventDate "2005.02.18"]
[PlyCount "53"]

1.e4 Nc6 2.d4 e5 3.dxe5 Nxe5 4.Nf3 Ng6 5.Bc4 Be7 6.Qd5 Bb4+ 7.c3 Qe7 8.
cxb4 Nf6 9.Qd3 Qxb4+ 10.Nc3 O-O 11.O-O Ng4 12.Nd5 Qd6 13.Ne3 Qxd3 14.Bxd3 
N4e5 15.Be2 d6 16.Nxe5 dxe5 17.Rd1 c6 18.b3 b5 19.Ba3 Re8 20.Rd6 Nf4 21.
Bf1 a6 22.Rad1 Ne6 23.Be2 Nd4 24.Kf1 Bb7 25.Nf5 Ne6 26.Rd7 Bc8 27.Ne7+ 1-0

[Event "EU-chT Seniors 07th"]
[Site "Dresden"]
[Date "2005.02.23"]
[Round "6"]
[White "Petzold, Hans"]
[Black "Dorawa, Bernhard"]
[Result "0-1"]
[WhiteElo "2137"]
[BlackElo "2066"]
[EventDate "2005.02.18"]
[PlyCount "88"]

1.e4 c5 2.Nc3 Nc6 3.f4 g6 4.Nf3 Bg7 5.Bc4 d6 6.O-O e6 7.Bb5 Ne7 8.d3 O-O 
9.Bxc6 Nxc6 10.Qe1 Nd4 11.Qf2 Bd7 12.Nd1 f5 13.c3 Nxf3+ 14.Qxf3 Bc6 15.Nf2
b5 16.Bd2 Qb6 17.Qe3 Rae8 18.Rae1 d5 19.b3 d4 20.cxd4 cxd4 21.Qg3 b4 22.
Rc1 Bb7 23.Rc4 a5 24.Rfc1 Rc8 25.e5 Ba6 26.Rxc8 Rxc8 27.Rxc8+ Bxc8 28.Qf3 
Bb7 29.Qe2 Qc6 30.Qf1 Qc2 31.Qc1 Qxa2 32.Qc4 Bd5 33.Qc8+ Bf8 34.Be1 Qe2 
35.Qc1 Bxb3 36.g4 a4 37.gxf5 gxf5 38.Qa1 a3 39.Bxb4 Bxb4 40.Qxd4 Qe1+ 41.
Kg2 Bd5+ 42.Kh3 Qf1+ 43.Kh4 Be1 44.Kg5 Qxf2 0-1

[Event "EU-chT Seniors 07th"]
[Site "Dresden"]
[Date "2005.02.23"]
[Round "6"]
[White "Pipitone, Antonio"]
[Black "Simmchen, Werner"]
[Result "0-1"]
[WhiteElo "2054"]
[BlackElo "2125"]
[EventDate "2005.02.18"]
[PlyCount "74"]

1.e4 e6 2.d4 d5 3.Nc3 Bb4 4.e5 c5 5.a3 Ba5 6.Nf3 Nc6 7.Bb5 Bd7 8.Bxc6 bxc6
9.O-O cxd4 10.Qxd4 Ne7 11.Bg5 h6 12.Bh4 g5 13.Bg3 Nf5 14.Qd3 a6 15.Nd4 
Nxd4 16.Qxd4 Bb6 17.Qd1 h5 18.h3 Qe7 19.Ne2 O-O-O 20.c3 Rdg8 21.Nd4 c5 22.
Ne2 h4 23.Bh2 g4 24.hxg4 Rxg4 25.f3 Rg7 26.a4 Rhg8 27.Rf2 Qg5 28.Bf4 Qg4 
29.Bh2 Qh3 30.Nf4 Qf5 31.Nxd5 exd5 32.Qxd5 Qe6 33.Qa8+ Kc7 34.Qe4 c4 35.f4
Bc6 36.f5 Bxe4 37.fxe6 fxe6 0-1

[Event "EU-chT Seniors 07th"]
[Site "Dresden"]
[Date "2005.02.23"]
[Round "6"]
[White "Planas Ferret, Rossen"]
[Black "Titz, Herbert"]
[Result "1/2-1/2"]
[WhiteElo "2233"]
[BlackElo "2089"]
[EventDate "2005.02.18"]
[PlyCount "100"]

1.d4 Nf6 2.c4 c5 3.Nf3 g6 4.Nc3 cxd4 5.Nxd4 Bg7 6.e4 d6 7.Be2 Nc6 8.Be3 
O-O 9.O-O Nxd4 10.Bxd4 Nd7 11.Bxg7 Kxg7 12.Qd2 b6 13.f4 Bb7 14.Rad1 Qc7 
15.e5 Bc6 16.exd6 exd6 17.Qxd6 Qb7 18.Bf3 Bxf3 19.Rxf3 Nc5 20.Nd5 Rfe8 21.
f5 Ne4 22.f6+ Kh8 23.Qf4 g5 24.Qf5 Qc8 25.b3 Qxf5 26.Rxf5 Rad8 27.Re1 Rd7 
28.Re3 h6 29.h4 Re6 30.hxg5 Nxg5 31.Rfe5 Kh7 32.Kf2 Rxe5 33.Rxe5 Ne6 34.
Ke3 Rd8 35.Ne7 Rd1 36.Rd5 Re1+ 37.Kf2 Ra1 38.Rd2 Nc5 39.Re2 Rd1 40.Nd5 Kg6
41.Kg3 Ne6 42.Rf2 Kg5 43.Ne7 Nd4 44.Kh2 Rd3 45.Nd5 a5 46.Rf4 Rd2 47.Re4 
Ne6 48.a4 Kf5 49.Re3 Rd4 50.Rc3 Nc5 1/2-1/2

[Event "EU-chT Seniors 07th"]
[Site "Dresden"]
[Date "2005.02.23"]
[Round "6"]
[White "Richardson, Keith B"]
[Black "Schmidt, Wolfgang3"]
[Result "1/2-1/2"]
[WhiteElo "2222"]
[BlackElo "2317"]
[EventDate "2005.02.18"]
[PlyCount "68"]

1.c4 Nf6 2.Nc3 d6 3.g3 g6 4.Bg2 Bg7 5.Nf3 O-O 6.O-O e5 7.d3 c6 8.Rb1 a5 9.
a3 Re8 10.e4 Bg4 11.h3 Bd7 12.Be3 b5 13.cxb5 cxb5 14.b4 axb4 15.axb4 Na6 
16.Qd2 Qb8 17.d4 Rc8 18.Bg5 Be6 19.Rfe1 Bc4 20.Red1 Kh8 21.d5 Nc7 22.Ra1 
Qb7 23.Ne1 Rxa1 24.Rxa1 Ra8 25.Qb2 Rxa1 26.Qxa1 Qa6 27.Qb2 Nd7 28.Nc2 Nb6 
29.Qa3 Bd3 30.Qxa6 Nxa6 31.Na3 Nxb4 32.Naxb5 Bf8 33.Bf6+ Kg8 34.Bf1 Bc2 
1/2-1/2

[Event "EU-chT Seniors 07th"]
[Site "Dresden"]
[Date "2005.02.23"]
[Round "6"]
[White "Schroeder, Christian"]
[Black "Jaeger, Erich"]
[Result "1-0"]
[WhiteElo "2079"]
[BlackElo "2106"]
[EventDate "2005.02.18"]
[PlyCount "64"]

1.d4 Nf6 2.c4 g6 3.Nc3 Bg7 4.e4 d6 5.f3 O-O 6.Bg5 h6 7.Be3 e5 8.d5 Kh7 9.
Bd3 Na6 10.Nge2 b6 11.g4 Ng8 12.Ng3 f5 13.exf5 gxf5 14.Nxf5 Bxf5 15.Bxf5+ 
Rxf5 16.gxf5 Qh4+ 17.Bf2 Qh5 18.Ne4 Qxf5 19.Ng3 Qh3 20.Qd3+ Kh8 21.Qg6 Qd7
22.Nh5 Rf8 23.Rg1 Rf7 24.O-O-O Qf5 25.Qxf5 Rxf5 26.Nxg7 Rxf3 27.Bh4 Rh3 
28.Bd8 Rxh2 29.Rg6 e4 30.Rdg1 Nc5 31.Ne6 Nd3+ 32.Kb1 Nxb2 1-0

[Event "EU-chT Seniors 07th"]
[Site "Dresden"]
[Date "2005.02.23"]
[Round "6"]
[White "Schwertel, Johann"]
[Black "Potthammel, Joerg"]
[Result "1/2-1/2"]
[WhiteElo "2051"]
[BlackElo "2104"]
[EventDate "2005.02.18"]
[PlyCount "37"]

1.d4 Nf6 2.Nf3 d5 3.Bf4 g6 4.e3 Bg7 5.Nbd2 O-O 6.Bd3 Nbd7 7.O-O c5 8.c3 b6
9.Qe2 Bb7 10.Ba6 Qc8 11.Bxb7 Qxb7 12.Ne5 Nh5 13.Ndf3 Nxe5 14.Bxe5 f6 15.
Bg3 Nxg3 16.hxg3 e5 17.Rad1 cxd4 18.cxd4 e4 19.Nd2 1/2-1/2

[Event "EU-chT Seniors 07th"]
[Site "Dresden"]
[Date "2005.02.23"]
[Round "6"]
[White "Schwier, Manfred"]
[Black "Colombo, Paolo"]
[Result "1-0"]
[WhiteElo "2142"]
[BlackElo "2161"]
[EventDate "2005.02.18"]
[PlyCount "47"]

1.e4 d6 2.f4 e5 3.d3 Be7 4.Nf3 Nd7 5.Be2 Bf6 6.c3 Ne7 7.O-O O-O 8.Na3 c6 
9.Kh1 d5 10.fxe5 Nxe5 11.d4 Nxf3 12.Bxf3 dxe4 13.Bxe4 Ng6 14.Qh5 Re8 15.
Bd3 Be6 16.Nc4 Qd5 17.Qxd5 Bxd5 18.Bd2 Nh4 19.Rf2 Rad8 20.Ne3 Be6 21.Bc4 
Bg5 22.Bxe6 Rxe6 23.Nc4 Rde8 24.Bxg5 1-0

[Event "EU-chT Seniors 07th"]
[Site "Dresden"]
[Date "2005.02.23"]
[Round "6"]
[White "Shapiro, Yosip"]
[Black "Taksrud, Vidar"]
[Result "1-0"]
[WhiteElo "2123"]
[BlackElo "2025"]
[EventDate "2005.02.18"]
[PlyCount "89"]

1.Nf3 Nf6 2.c4 e6 3.Nc3 Bb4 4.g3 O-O 5.Bg2 d5 6.O-O d4 7.Nb5 Nc6 8.d3 a6 
9.Na3 e5 10.Nc2 Bc5 11.b4 Nxb4 12.Nxe5 Re8 13.f4 Nxc2 14.Qxc2 Ng4 15.Bd5 
Nxe5 16.fxe5 Rf8 17.Bf4 Bh3 18.Bxb7 Bxf1 19.Bxa8 Bxe2 20.Qxe2 Qxa8 21.e6 
Qc6 22.Re1 Bb4 23.Qe4 Qa4 24.exf7+ Rxf7 25.Qe8+ Qxe8 26.Rxe8+ Bf8 27.Ra8 
h6 28.Kg2 Re7 29.h4 Re2+ 30.Kf3 Rxa2 31.Bxc7 Kf7 32.Ke4 Bb4 33.Be5 g5 34.
hxg5 hxg5 35.Kxd4 a5 36.Kd5 a4 37.c5 Rc2 38.Bd6 Be1 39.Rxa4 Rc3 40.d4 Bxg3
41.Bxg3 Rxg3 42.c6 Ke7 43.Ra7+ Kf6 44.c7 Rc3 45.Ra6+ 1-0

[Event "EU-chT Seniors 07th"]
[Site "Dresden"]
[Date "2005.02.23"]
[Round "6"]
[White "Staller, Peter"]
[Black "James, Geoffrey H"]
[Result "1-0"]
[WhiteElo "2279"]
[BlackElo "2208"]
[EventDate "2005.02.18"]
[PlyCount "75"]

1.e4 e5 2.Nf3 Nc6 3.Bb5 a6 4.Bxc6 dxc6 5.O-O Qd6 6.d3 Ne7 7.Nbd2 Ng6 8.Nc4
Qe6 9.b3 Bc5 10.Be3 Bxe3 11.Nxe3 O-O 12.Kh1 Rd8 13.Ng1 Qe7 14.Ne2 Qg5 15.
g3 Bh3 16.f4 Qh5 17.Rf2 f5 18.exf5 Bxf5 19.Nc3 Qh3 20.Nxf5 Qxf5 21.g4 Qd7 
22.f5 Qd4 23.Qd2 Nf4 24.Re1 Nd5 25.Ne4 Nf6 26.g5 Nxe4 27.Rxe4 Qd5 28.Qe3 
Rd7 29.Kg1 Re8 30.Re2 Rde7 31.Rf2 Kh8 32.Qh3 Rf8 33.Rh4 Qg8 34.g6 h6 35.f6
Rxf6 36.Rxf6 gxf6 37.Rxh6+ Kg7 38.Rh7+ 1-0

[Event "EU-chT Seniors 07th"]
[Site "Dresden"]
[Date "2005.02.23"]
[Round "6"]
[White "Strand, Karl W"]
[Black "Degenhardt, Norbert"]
[Result "1-0"]
[WhiteElo "1838"]
[BlackElo "2134"]
[EventDate "2005.02.18"]
[PlyCount "71"]

1.e4 e5 2.Nf3 Nc6 3.Bb5 a6 4.Bxc6 dxc6 5.h3 Qe7 6.O-O Bd7 7.d3 O-O-O 8.Be3
c5 9.Nbd2 Bc6 10.Qe2 f6 11.a4 Qe6 12.Nb3 c4 13.Na5 cxd3 14.cxd3 Bb4 15.
Nxc6 Qxc6 16.Rfc1 Qd6 17.Rc4 Ne7 18.d4 Nc6 19.Rac1 Nxd4 20.Rxc7+ Kb8 21.
Bxd4 exd4 22.Qd3 Rhg8 23.R7c4 Qb6 24.Rxd4 Rxd4 25.Qxd4 Qa5 26.b3 Rd8 27.
Qc4 Bd6 28.g3 Qb6 29.Kg2 Re8 30.Rc2 h6 31.Qf7 Re7 32.Qg8+ Ka7 33.Rc8 Qb4 
34.a5 Qxa5 35.Ra8+ Kb6 36.Qd8+ 1-0

[Event "EU-chT Seniors 07th"]
[Site "Dresden"]
[Date "2005.02.23"]
[Round "6"]
[White "Tochtermann, Georg"]
[Black "Kuehn, Peter2"]
[Result "1/2-1/2"]
[WhiteElo "2000"]
[BlackElo "2026"]
[EventDate "2005.02.18"]
[PlyCount "47"]

1.e4 c5 2.c4 Nc6 3.Nc3 g6 4.g3 Bg7 5.Bg2 e6 6.Nge2 Nge7 7.O-O O-O 8.d3 d6 
9.Be3 Nd4 10.Qd2 Nec6 11.Bh6 Rb8 12.Bxg7 Kxg7 13.Nxd4 Nxd4 14.Ne2 Nxe2+ 
15.Qxe2 e5 16.Qd2 a6 17.f4 b5 18.h4 f5 19.Rf2 bxc4 20.dxc4 fxe4 21.Bxe4 
exf4 22.gxf4 Qxh4 23.Qxd6 Qg3+ 24.Bg2 1/2-1/2

[Event "EU-chT Seniors 07th"]
[Site "Dresden"]
[Date "2005.02.23"]
[Round "6"]
[White "Turikov, Viktor"]
[Black "Hermann, Armin"]
[Result "1-0"]
[WhiteElo "2351"]
[BlackElo "2151"]
[EventDate "2005.02.18"]
[PlyCount "104"]

1.b3 d5 2.e3 e6 3.Bb2 f5 4.c4 c6 5.Nf3 Nf6 6.g3 Be7 7.Bg2 O-O 8.O-O Bd7 9.
d3 Be8 10.Nc3 Bg6 11.Ne2 Bd6 12.Nf4 Re8 13.Nxg6 hxg6 14.Ne5 Bxe5 15.Bxe5 
Nbd7 16.Bb2 Qb6 17.Qc2 Rac8 18.Rfe1 Qa6 19.Rad1 b5 20.Ba1 Kh7 21.e4 Qb7 
22.Qd2 Nb6 23.exd5 exd5 24.cxb5 cxb5 25.Qf4 Qc6 26.Bd4 Nbd7 27.Rxe8 Rxe8 
28.Rc1 Qa6 29.Qd2 b4 30.Rc7 Qe6 31.Qxb4 Ne5 32.Qd2 a6 33.Qc3 Ned7 34.h3 
Qe1+ 35.Qxe1 Rxe1+ 36.Bf1 Re6 37.b4 Nb8 38.a4 Ne8 39.Rc8 Nc6 40.Bc5 Ne5 
41.f4 Nf3+ 42.Kf2 Nd2 43.Bg2 Nf6 44.b5 axb5 45.axb5 Nb3 46.Ba7 Re7 47.b6 
Rb7 48.Rc7 Na5 49.Rc5 Nb3 50.Rxd5 Nxd5 51.Bxd5 Na5 52.Bxb7 Nxb7 1-0

[Event "EU-chT Seniors 07th"]
[Site "Dresden"]
[Date "2005.02.23"]
[Round "6"]
[White "Vager, Boris"]
[Black "Brameyer, Hermann"]
[Result "1/2-1/2"]
[WhiteElo "2248"]
[BlackElo "2272"]
[EventDate "2005.02.18"]
[PlyCount "107"]

1.Nf3 d5 2.d4 Nf6 3.Bf4 c5 4.c3 Qb6 5.Qb3 c4 6.Qxb6 axb6 7.Nbd2 b5 8.a3 
Nc6 9.Rc1 Bf5 10.h3 h6 11.e3 Nd7 12.Be2 e6 13.Bd1 f6 14.O-O e5 15.dxe5 
fxe5 16.Bh2 Bd6 17.Re1 Bc5 18.Bc2 Bxc2 19.Rxc2 O-O 20.Rd1 Rfe8 21.Nf1 Nf6 
22.g4 Rad8 23.Rcd2 g6 24.Kg2 Kg7 25.Bg3 Re7 26.N1h2 Bb6 27.Bh4 e4 28.Nd4 
Nxd4 29.Bxf6+ Kxf6 30.exd4 Bc7 31.Nf1 Ke6 32.Re2 Rf8 33.Ne3 Rf3 34.Rf1 Bf4
35.Nc2 Bg5 36.Ne1 Rff7 37.f3 Kd7 38.fxe4 Rxf1 39.Kxf1 Rxe4 40.Nf3 Rxe2 41.
Kxe2 Bc1 42.Ne5+ Kd6 43.Nxg6 Bxb2 44.Kd2 Bxa3 45.h4 b4 46.g5 bxc3+ 47.Kc2 
h5 48.Nf4 b5 49.g6 Ke7 50.Nxd5+ Kf8 51.Kxc3 Bd6 52.Nf6 Be7 53.Nxh5 Bxh4 
54.Kb4 1/2-1/2

[Event "EU-chT Seniors 07th"]
[Site "Dresden"]
[Date "2005.02.23"]
[Round "6"]
[White "Villing, Dieter"]
[Black "Rudnik, Heinz"]
[Result "1-0"]
[WhiteElo "2211"]
[BlackElo "2212"]
[EventDate "2005.02.18"]
[PlyCount "60"]

1.e4 c5 2.f4 Nc6 3.Nf3 g6 4.Bb5 Bg7 5.O-O d6 6.Bxc6+ bxc6 7.d3 Nf6 8.Nc3 
O-O 9.Qe1 Qd7 10.h3 Rb8 11.Qh4 Ne8 12.g4 Bf6 13.Qg3 Kh8 14.e5 Bg7 15.Ne4 
f6 16.b3 Nc7 17.Bb2 Ba6 18.Rae1 c4 19.exf6 exf6 20.g5 fxg5 21.Bxg7+ Qxg7 
22.fxg5 cxd3 23.c4 d5 24.Nf6 dxc4 25.bxc4 Bxc4 26.Re4 Bd5 27.Rh4 h5 28.Ne5
Rb2 29.Nf3 Bxf3 30.Qxf3 Nd5 1-0